000
00303nam a22001217a 4500
003
SGT
082
_a
346.540163,DAS
100
_a
DAS.P.K
245
_a
LAW RELATING TO CRUELTY TO HUSBAND DIVORCE AND MAINTENANCE TO WIFE
250
_a
3RD
260
_a
NEW DELHI
_b
UNIVERSAL BOOKS
_c
2014
942
_2
ddc
_c
BK
_0
1
999
_c
9762
_d
9762